Statistics for Lord of the Rings Characters and Actors

Click here to take the quiz!

General Stats

  • This quiz has been taken 27 times
  • The average score is 32 of 42

Answer Stats

HintCharacter or Actor% Correct
Heir to the Throne of GondorAragorn
100%
Ring BearerFrodo Baggins
100%
Firework-loving WizardGandalf
100%
Was once not unlike a HobbitSmeagol/Gollum
100%
Uncle of the Ring BearerBilbo Baggins
96%
Prince of the Woodland RealmLegolas
96%
GardenerSamwise Gamgee
96%
Ring BearerElijah Wood
93%
Heir to the Throne of GondorViggo Mortensen
93%
WizardIan McKellen
89%
Master of IsengardSaruman
89%
Oldest son of the aboveBoromir
85%
Younger brother of the aboveFaramir
85%
Lady of LorienGaladriel
85%
Prince of the Woodland RealmOrlando Bloom
85%
Guard of the CitadelPeregrin Took
85%
Oldest son of the aboveSean Bean
85%
Lady of LorienCate Blanchett
81%
Son of GlóinGimli
81%
GardenerSean Astin
81%
EntTreebeard
81%
Was once not unlike a HobbitAndy Serkis
78%
Daughter of the aboveArwen
78%
Daughter of the aboveLiv Tyler
78%
Esquire of RohanMeriadoc Brandybuck
78%
Lord of RivendellElrond
74%
Niece of the aboveEowyn
74%
Lord of RivendellHugo Weaving
74%
Master of IsengardChristopher Lee
70%
Brother of the aboveEomer
70%
King of RohanTheoden
70%
Steward of GondorDenethor II
67%
Guard of the CitadelBilly Boyd
59%
Uncle of the Ring BearerIan Holm
56%
Son of GlóinJohn Rhys-Davies
56%
EntJohn Rhys-Davies
56%
Brother of the aboveKarl Urban
56%
Esquire of RohanDominic Monaghan
48%
Niece of the aboveMiranda Otto
48%
King of RohanBernard Hill
41%
Younger brother of the aboveDavid Wenham
41%
Steward of GondorJohn Noble
30%

Score Distribution

Percentile by Number Answered

Percent of People with Each Score

Your Score History

You have not taken this quiz